Game of Thrones - Westeros Capitals - Statistics

General Stats
  • This quiz has been taken 143 times
    140 since last reset
  • The average score is 8 of 9
Answer Stats
Hint Answer % Correct
The North Winterfell
100%
The Crownlands King's Landing
93%
The Reach Highgarden
92%
The Westerlands Casterly Rock
90%
The Stormlands Storm's End
89%
The Iron Islands Pyke
87%
The Riverlands Riverrun
86%
The Vale The Eyrie
85%
Dorne Sunspear
84%
No matching quizzes found
Score Distribution
Percent of People with Each Score
Percentile by Number Answered
Your Score History
You have not taken this quiz since the last reset